01754nam a22002177a 4500003000400000005001700004008004100021040002400062100005700086245034700143260004100490300003300531502018800564504005300752505046600805700004801271700005001319700003401369700002701403830010601430OSt20190806195034.0170320b xxu||||| |||| 00| 0 esp d cRCAAaDO-SdBJHbspa1 a Guzmán Domínguez, Manuel Alejandroesustentante10aAcademia Aérea General de Brigada Piloto Frank A. Feliz Miranda, FAD, propuesta: Implementación de un programa de defensa personal año 2015-2019 / c Manuel Alejandro Guzmán Domínguez, Erick Antonio Morel Jiménez, Fraulin Gabriel Pérez Camacho, asesores Kyoshi Miguel Peña, Alberto Ortiz  aSanto Domingo Este :bINSUDE, c2014 axviii, 60 páginas, cuadros aTrabajo de grado (Licenciatura en Ciencias Aeronáuticas) -- Instituto Superior para la Defensa (INSUDE). Academia Aérea Gral. De Brigada Piloto Frank Andrés Feliz Miranda, 2014. aIncluye referencias bibliográficas e índices aExplicación de los métodos, Técnicas y Tácticas de Defensa Personal, y beneficios obtenidos a través de dicha practica; comparación de algunos programas de Defensa Personal utilizados por otras Fuerzas Armadas de la región como parte de su sistema de entrenamiento; establecimiento de elementos integrales del Programa de Defensa Personal Dirigido a los Cadetes de la Academia Aérea General de Brigada Piloto Frank Andrés Felix Miranda, FAD. 1 aMorel Jiménez, Erick Antonioesustentante1 aPérez Camacho, Fraulin Gabrielesustentante1 aPeña, Kyoshi Migueleasesor1 aOrtiz, Albertoeasesor aINSUDE. Academia Aérea Gral. De Brig. Pil. Frank Andrés Feliz Miranda. Tesis y disertaciones.